Arcane characters quiz - Statistics

General Stats
  • This quiz has been taken 1,867 times
  • The average score is 10 of 12
Answer Stats
Hint Answer % Correct
Blue haired crazy lady Jinx
100%
Red haired woman from the undercity Vi/Violet
100%
Friends with above goes on to create hextech Jayce
95%
Father figure to 1 and 2 Vander
94%
Enforcer woman with blue hair Caitlyn
93%
Leader of the firelights, rides a hoverboard Ekko
93%
Ex Best friend of above now turned evil Silco
92%
Partner of above Viktor
92%
Councillor, intimate with jayce Mel
89%
Works for above with one arm Sevika
82%
Former councillor Heimerdinger
76%
Mother of number 6, former councillor Cassandra
44%
No matching quizzes found
Score Distribution
Percent of People with Each Score
Percentile by Number Answered
Your Score History
You have not taken this quiz